| 000 | 01147nam a2200265 i 4500 | ||
|---|---|---|---|
| 003 | PPAK | ||
| 005 | 20251113082905.0 | ||
| 008 | 251113s2024 enkab jr 000 1 eng d | ||
| 020 |
_a9781915252791 _cRM 55.50 _qpaperback |
||
| 040 |
_aPPAK _beng _cPPAK _erda |
||
| 082 | 0 | 4 |
_223 _a823.92 |
| 090 | 0 | 0 |
_a823.92 _bKEI _dK |
| 100 | 1 |
_aKeilty, Derek, _eauthor. |
|
| 245 | 1 | 0 |
_aIVY NEWT and the Vampixies / _cDerek Keilty ; illustrated by Magda Brol. |
| 264 | 1 |
_aLondon : _bScallywag Press, _c2024 |
|
| 300 |
_a164 pages : _billustrations, maps ; _c18 cm |
||
| 336 |
_atext _2rdacontent |
||
| 337 |
_aunmediated _2rdamedia |
||
| 338 |
_avolume _2rdacarrier |
||
| 490 | 1 |
_aIVY NEWT _v[4] |
|
| 520 | _a"Ivy and Tom embark on a hunt for spell ingredients with Griselda, the Sand Witch, and together they journey to a far away island volcano. There, they stumble on a sinister plot by the evil Vampixies to suck all the magic out of Miracula forever! Can Ivy and her friends save not only Miracula but the existence of magic itself?"--Amazon | ||
| 700 | 1 |
_aBrol, Magda, _eillustrator. |
|
| 830 | 0 |
_aIvy newt ; _v[4] |
|
| 942 |
_2ddc _cB |
||
| 999 |
_c201551 _d201551 |
||